000 cam a22 a 4500
999 _c4111
_d4111
003 AKMAL
005 20170525111631.0
008 170525s2002 my a | 00 eng d
020 _a983408580X :
_cRM120.00
039 9 _a200501311243
_bmanoriah
040 _aAKMAL
_cAKMAL
041 0 _amay
_aeng
043 _aa-tu---
043 _aa-my---
049 0 0 _amal
082 0 4 _a915.9504 PET
_221
090 0 0 _a915.9504
_bPET
245 0 0 _aPETRONAS silk road adventure 2001 Istanbul-Putrajaya :
_bhayati kegemilangan ekspedisi
260 _aKuala Lumpur :
_bPetronas Motorsports ,
_c2002
300 0 0 _a132p. :
_bcol. ill. ;
_c26cm.
500 _aTeks sejajar bahasa Malaysia dan Inggeris
500 _aJudul kulit depan : PETRONAS silk road adventure 2001 Istanbul - Putrajaya : experience the expedition
650 0 _aSafaris
_zIstanbul
_98047
650 0 _aSafaris
_zMalaysia
_zPutrajaya
_98048
942 _2ddc
_cBOOK